Sofia Prvá. Bezva kniha o Sofii /

Korporativní autor: Character Building Studio (firma)
Další autoři: Krupová, Eva, 1941-, Disney Storybook Artists
Jazyk: Slovenština
Vydáno: Praha : Egmont Publishing, 2017
Vydání: Prvé vydanie
Edice: Disney. Sofia Prvá
Disney Junior (Egmont)
Témata:
Fyzický popis: 48 stran : ilustrace (převážně barevné) ; 33 cm + 2 nečíslované listy samolepek
Knihy
Uloženo v:
LEADER 02336nam a2200649 i 4500
001 nkc20172926700
003 CZ PrNK
005 20190412091821.0
007 ta
008 170811s2017 xr a a 000 j slo
015 |a cnb002926700 
020 |a 978-80-252-3952-0  |q (brožováno) 
035 |a (OCoLC)1100766104 
040 |a BOA001  |b cze  |e rda 
041 1 |a slo  |h eng 
072 7 |a 821-93  |x Literatura pro děti a mládež (beletrie)  |2 Konspekt  |9 26 
080 |a 821-32  |2 MRF 
080 |a 821-93  |2 MRF 
080 |a (0:82-32)  |2 MRF 
080 |a (084.053.2)  |2 MRF 
080 |a (084.1.029.2)  |2 MRF 
130 0 |a Sofia the First - the great story movie book.  |l Slovensky 
245 1 0 |a Sofia Prvá.  |p Bezva kniha o Sofii /  |c preložila Eva Krupová 
246 3 |a Sofia Prvá - bezva kniha o Sofii 
246 3 0 |a Bezva kniha o Sofii 
250 |a Prvé vydanie 
264 1 |a Praha :  |b Egmont Publishing,  |c 2017 
300 |a 48 stran :  |b ilustrace (převážně barevné) ;  |c 33 cm +  |e 2 nečíslované listy samolepek 
336 |a text  |b txt  |2 rdacontent 
336 |a statický obraz  |b sti  |2 rdacontent 
337 |a bez média  |b n  |2 rdamedia 
338 |a svazek  |b nc  |2 rdacarrier 
490 1 |a Disney. Sofia Prvá 
490 1 |a Disney Junior 
500 |a "Illustrated by Character Building Studio and the Disney Storybook Art Team"--Tiráž 
500 |a Přeloženo z angličtiny? 
500 |a Listy se samolepkami vlepeny na začátku publikace 
521 8 |a Pro děti od 3 let 
655 7 |a příběhy  |7 fd133204  |2 czenas 
655 7 |a omalovánky  |7 fd182999  |2 czenas 
655 7 |a samolepky  |7 fd119297  |2 czenas 
655 7 |a publikace pro děti  |7 fd133156  |2 czenas 
655 9 |a stories  |2 eczenas 
655 9 |a colouring books  |2 eczenas 
655 9 |a stickers  |2 eczenas 
655 9 |a children's literature  |2 eczenas 
700 1 |a Krupová, Eva,  |d 1941-  |7 mzk2006343118  |4 trl 
710 2 |a Character Building Studio (firma)  |7 mzk2015869435  |4 ill 
710 2 |a Disney Storybook Artists  |7 mzk2009490531  |4 ill 
830 0 |a Disney.  |p Sofia Prvá  |0 s 
830 0 |a Disney Junior (Egmont)  |0 s 
910 2 |a BOA001  |b 4-1423.104 
928 9 |a Egmont ČR 
990 |a BK 
995 |a 01 
991 |b 201902  |c NOV 
996 6 |b 2610771461  |c 4-1423.104  |l MZK  |r Sklad / do 1 hodiny  |n 0  |p p.v.  |w 001708680  |u 000010  |a 1  |e BOA001  |j MZK50  |s P